00986nam a2200265 a 450000100100000000500170001000800410002702000160006804100090008408200220009310000230011524501650013825000140030326000390031730000180035650000860037450000450046065000330050565000430053865000160058165000290059765000340062670000340066070000260069400005440120200120222838.0130129s1981 sp a gr 000 0 spa d a8401805112.0 a/spa04a658.312bP27p2211 aPeter, Laurence J.13aEl principio de Peter :btratado sobre la incompetencia o por qué las cosas van siempre mal /cLaurence J. Peter, Raymond Hull ; traducción Adolfo Martín. a13 a. ed. aBarcelona :bPlaza & Janes,c1981. a270 p. :bil. aEj.1 de Biblioteca Mosquera corresponde a la colección de la Casa de la Cultura aTítulo original : The Peter principle.14aAdministración industrial.24aEmpleadosxSelección y nombramiento.24aEjecutivos.24aÉxito en los negocios.24aAdministración de personal.1 aMartín, Adolfo,etraductor.1 aHull, Raymond,d1919-